Úvod do práce so štatistickým programovým systémom SYSTAT /

Salvato in:
Dettagli Bibliografici
Autore principale: Bodjanová, Slávka (Autore)
Natura: Libro
Lingua:slovacco
Pubblicazione: Bratislava : Vysoká škola ekonomická, Bratislava, 1990
Edizione:1.vyd.
Soggetti:
Tags: Aggiungi Tag
Nessun Tag, puoi essere il primo ad aggiungerne!!

MARC

LEADER 00000nam a22000003a 4500
001 stu34829
005 20150617225729.4
008 920326s1990----cs------------------slo-d
040 |a STU  |b slo 
041 0 |a slo 
044 |a cs 
080 |a 519.68(075.8) 
100 1 |a Bodjanová, Slávka  |4 aut 
245 1 |a Úvod do práce so štatistickým programovým systémom SYSTAT /  |c [aut.]Slávka Bodjanová 
250 |a 1.vyd. 
260 |a Bratislava :  |b Vysoká škola ekonomická, Bratislava,  |c 1990 
300 |a 54 s 
650 7 |a Programovanie:SYSTAT  |2 stusub 
650 7 |a SYSTAT  |2 stusub 
650 7 |a programovanie  |2 stusub 
996 |b 284M008559  |c M*S-633-1  |l MMKN  |s A  |a 24  |w stu34829_0001